[Event "North Region-ch U12 Girls"]
[White "Jaraba Andrade, Aura Vanessa"]
[Black "Sibaja Maestre, Kalline"]
[Site "Cartagena"]
[Round "1.1"]
[Result "1-0"]
[Date "2014.05.08"]
[WhiteElo "1460"]
[BlackElo "1402"]
[PlyCount "27"]
[EventDate "2014.05.08"]
[EventType "swiss"]
[EventRounds "5"]
[EventCountry "COL"]
[SourceTitle "EXT 2024"]
[Source "ChessBase"]
[SourceDate "2023.10.10"]
[SourceVersion "1"]
[SourceVersionDate "2023.10.10"]
[SourceQuality "1"]

1. e4 e5 2. Nf3 Nc6 3. Nc3 Nf6 4. Bb5 d6 5. d4 exd4 6. Nxd4 Bd7 7. Bg5 Be7 8. Nxc6 bxc6 9. Bc4 0-0 10. Qd4 h6 11. Bh4 Rb8 12. 0-0-0 Re8 13. Rhe1 c5 14. Qd2 1-0

[Event "North Region-ch U14 Girls"]
[White "Sibaja Maestre, Kalline"]
[Black "Gomez Guardo, Laura Melissa"]
[Site "Maicao"]
[Round "5.2"]
[Result "0-1"]
[Date "2014.05.03"]
[WhiteElo "1402"]
[BlackElo "1802"]
[PlyCount "62"]
[EventDate "2014.05.01"]
[EventType "swiss"]
[EventRounds "6"]
[EventCountry "COL"]
[SourceTitle "EXT 2024"]
[Source "ChessBase"]
[SourceDate "2023.10.10"]
[SourceVersion "1"]
[SourceVersionDate "2023.10.10"]
[SourceQuality "1"]

1. e4 c5 2. Nf3 d6 3. d4 cxd4 4. Nxd4 Nf6 5. Nc3 a6 6. Bc4 e6 7. Bg5 Be7 8. 0-0 0-0 9. Re1 b5 10. Be2 Bb7 11. f3 Qb6 12. Be3 Nc6 13. Bf1 Qc7 14. Qd2 Rac8 15. Rad1 Nxd4 16. Bxd4 d5 17. e5 Nd7 18. f4 Bc5 19. Bxc5 Qxc5+ 20. Qe3 Qxe3+ 21. Rxe3 b4 22. Ne2 Rxc2 23. Rb3 a5 24. a3 Nc5 25. Re3 Rxb2 26. Rc1 Ne4 27. Ng3 Nd2 28. Rce1 Nxf1 29. Rxf1 d4 30. Rd3 Rxg2+ 31. Kh1 Rxg3+ 0-1